Pod horou, pod horou Ľudová pieseň

Bibliographic Details
Main Author: Galko, Ľ. (Author)
Format: Book
Language:English
PhysicalDescription:28 s.
Published: Martin Matica slovenská 1952

MARC

LEADER 00000nam a2200000 a 4500
001 vtls009284666
003 SK-MaSNL
005 20260301081607.0
008 240315 xo 000 0 eng
040 |a SNK  |b slo  |c SNK  |e AACR2 
044 |a xo  |c SK 
100 1 |a Galko, Ľ.  |4 aut  |9 405119 
245 1 |a Pod horou, pod horou  |b Ľudová pieseň  |c Ľ. Galko  |h Hudobnina 
260 |a Martin  |b Matica slovenská  |c 1952 
300 |a 28 s. 
999 |c 656301  |d 658231 
952 |a SNK  |b SNK  |y VYP  |7 0  |p 17A0585888  |o snkHB 1106 D1  |i snkIII. 389/54  |3 rekatalogizácia  |0 0  |1 0  |4 0  |d 2008-04-11  |l 0  |r 2026-02-23 18:37:20  |w 2026-02-23